000 00680cam a22002293a 4500
001 16849
003 PGUSA
005 20140828083347.0
008 051010s2005||||xxu|||||s|||||000 | eng d
040 _aPGUSA
_beng
042 _adc
050 4 _aBX
100 1 _aJanzé, Charles Alfred, Baron de
245 1 0 _aLes Huguenots :
_bCent ans de persécution 1685-1789
_h[electronic resource] /
_cCharles Alfred, Baron de Janzé
260 _bProject Gutenberg,
_c2005
506 _aPublic domain in the USA.
516 _aElectronic text
653 _aHuguenots -- France
830 0 _aProject Gutenberg
_v16849
856 4 0 _uhttp://www.gutenberg.org/ebooks/16849
942 _cEB
999 _c246104
_d246104